000 00662nam a2200229Ia 4500
003 OSt
005 20220918225552.0
006 a|||||r|||| 00| 0
007 ta
008 220917b |||||||| |||| 00| 0 eng d
024 _a242,914
037 _cTextual
040 _aARTS
_cARTS
_beng
041 _2eng
_aeng
082 _aN85vuN5, K2
100 _aYoung Percy M
_951756
245 0 _aChoral tradition
_b historical and analytical survey form the sixteenth century to the present day
260 _aLondon
_bHutchinson of London
_c1962
650 _aARTS
942 _hN85vuN5, K2
_cTEXL
_2CC
999 _c285078
_d285078